Historia de los etruscos

Gespeichert in:
Bibliographische Detailangaben
1. Verfasser: Torelli, Mario (VerfasserIn)
Format: Buch
Sprache:Spanisch
Veröffentlicht: Barcelona Crítica 1996
Schriftenreihe:Crítica - Arqueología
Schlagworte:
Tags: Tag hinzufügen
Keine Tags, Fügen Sie den ersten Tag hinzu!

MARC

LEADER 00000nam a2200000 a 4500
001 UCM0430
003 CL-VaPUC
008 020301e19960000SP |||||||||||||||||spa|d
082 0 4 |a 937.01  |b TOR  |2 21 
100 0 |a Torelli, Mario  |e author  |9 467201 
245 1 0 |a Historia de los etruscos 
300 |a 298 p 
942 |c BK 
945 |d 20020301 00:00:00  |a cmena 
260 |a Barcelona  |b Crítica  |c 1996 
650 0 |a Etruscos  |9 267523 
650 0 |a Historia antigua  |9 267521 
650 0 |a Civilizaciones antiguas  |9 265998 
583 |a last modification  |c 20020301 00:00:00  |k Rodrigo Vera 
490 0 |a Crítica - Arqueología 
999 |c 299337  |d 299335 
952 |0 0  |1 0  |4 0  |6 937_010000000000000_TOR_1996  |7 0  |8 A  |9 355822  |a BIBHIS  |b BIBHIS  |d 2019-11-21  |i 3793516  |l 1  |o 937.01 TOR 1996  |p 3793516  |r 2025-01-20  |s 2024-03-26  |w 2019-11-21  |y BK  |k HIS